I Was Raised by Television Volume 9: the 2010s - Statistics

General Stats
  • This quiz has been taken 43 times
    32 since last reset
  • The average score is 11 of 25
Answer Stats
Hint Answer % Correct
Mike, Dustin, Will, and Eleven Stranger Things
90%
Derek, Izzie, Christina, Miranda, and Meredith Grey Grey's Anatomy
81%
Jay, Gloria, Manny, Mitchell, Claire, and Phil Modern Family
81%
Cersei, Ned, Sansa, Arya, and Jon Snow Game of Thrones
76%
Don Draper, Roger Sterling, Joan Harris, and Betty Draper Mad Men
76%
Summer Smith, Beth Smith, Morty Smith, and Rick Sanchez Rick and Morty
67%
Rick, Daryl, Glenn, Michonne, and Carl The Walking Dead
67%
Piper, Alex, Pennsatucky, Crazy Eyes, and Black Cindy Orange is the New Black
62%
Detective Jake Peralta, Detective Rosa Diaz, Captain Ray Holt, and Gina Linetti Brooklyn Nine-Nine
57%
Nick, Winston, Schmidt, Cece, and Jessica New Girl
57%
Barry Allen, Iris West-Allen, Joe West, Cisco Ramon, and Caitlin Snow The Flash
57%
Harvey, Mike, Donna, Rachel, and Louis Litt Suits
52%
Bob, Linda, Louise, Gene, and Tina Bob's Burgers
48%
Nick Brody, Jessica Brody, Carrie Mathison, and Saul Berenson Homeland
48%
Eleanor, Chidi, Tahani, Jason, Michael, and Janet The Good Place
43%
Jimmy McGill, Chuck McGill, Kim Wexler, and Mike Ehrmantraut Better Call Saul
38%
Kimmy, Titus, Lillian, Jaqueline, and Xanthippe The Unbreakable Kimmy Schmidt
29%
Jane, Xiomara, Petra, Rafael, and Alba Jane the Virgin
24%
Nucky Thompson, Margaret Thompson, Jimmy Darmody, and Chalky White Boardwalk Empire
19%
Francis, Claire, Zoe, Peter Russo, and Doug Stamper House of Cards
19%
Earnest "Earn" Marks, Alfred "Paper Boi" Miles, Vanessa Keefer, and Darius Epps Atlanta
14%
Hannah, Marnie, Jessa, Shoshanna, and Adam Girls
14%
Selina, Amy, Gary, Jonah, and Dan Veep
14%
Annie, Ruby, Beth, and Rio Good Girls
5%
Elizabeth and Philip, Claudia, Martha, and Stan The Americans
5%
No matching quizzes found
Score Distribution
Percent of People with Each Score
Percentile by Number Answered
Your Score History
You have not taken this quiz since the last reset